00335pab a2200121 454500008004000000100002400040245007100064260000900135300001500144362000800159650001800167773002800185180718b2008 xxu||||| |||| 00| 0 eng d aRaab, Marcel et al. aGlobal index: a sociological approach to globalization measurement c2008 ap.596-631. aJul aGlobalization aInternational Sociology